[Event "Hamburg-ch qual"]
[Site "Hamburg"]
[Date "2003.10.19"]
[Round "1.10"]
[White "Schroeder, Gerhard"]
[Black "Prochnow, Siegfried"]
[Result "1-0"]
[WhiteElo "2036"]
[BlackElo "1640"]
[PlyCount "45"]
[EventDate "2003.10.18"]
[EventType "swiss"]
[EventRounds "7"]
[EventCountry "GER"]
[EventCategory "1"]
[SourceTitle "CBM 097 Extra"]
[Source "ChessBase"]
[SourceDate "2004.01.13"]
[SourceVersion "1"]
[SourceVersionDate "2004.01.13"]
[SourceQuality "1"]

1. d4 d5 2. c4 e6 3. Nf3 Nf6 4. Nc3 Be7 5. Bf4 c6 6. Qb3 Nbd7 7. h3 0-0 8. e3 Re8 9. Rd1 Nf8 10. Be2 Bd6 11. Ne5 Ng6 12. Bh2 Qe7 13. 0-0 dxc4 14. Bxc4 Nd5 15. Ne4 Bc7 16. f4 Nxe5 17. fxe5 a6 18. Rf3 Rf8 19. Rdf1 b5 20. Bd3 Bb7 21. Bb1 Rad8 22. Qc2 Nb4 23. Nf6+ 1-0

[Event "Mecklenburg VP-ch Seniors 2nd"]
[Site "Sparow"]
[Date "2002.09.17"]
[Round "5"]
[White "Prochnow, Siegfried"]
[Black "Gruber, Albert"]
[Result "0-1"]
[WhiteElo "1606"]
[BlackElo "1800"]
[PlyCount "24"]
[EventDate "2002.09.??"]
[EventType "swiss"]
[EventRounds "9"]
[EventCountry "GER"]
[SourceTitle "EXT 2006"]
[Source "ChessBase"]
[SourceDate "2005.11.24"]
[SourceVersion "1"]
[SourceVersionDate "2005.11.24"]
[SourceQuality "1"]

1. d4 d5 2. c4 e6 3. Nc3 Nf6 4. Bg5 c5 5. dxc5 Bxc5 6. e3 d4 7. Ne4 Qa5+ 8. Nd2 Ne4 9. Ngf3 Bb4 10. Bf4 g5 11. Bg3 g4 12. Bd3 gxf3 0-1

[Event "Lucky op 2nd"]
[Site "Hamburg"]
[Date "1999.10.22"]
[Round "9"]
[White "Prochnow, Siegfried"]
[Black "Heffter, Matthias"]
[Result "1-0"]
[WhiteElo "1702"]
[BlackElo "1590"]
[PlyCount "108"]
[EventDate "1999.10.??"]
[EventType "swiss"]
[EventRounds "9"]
[EventCountry "GER"]
[SourceTitle "EXT 2001"]
[Source "ChessBase"]
[SourceDate "2000.11.22"]
[SourceVersion "1"]
[SourceVersionDate "2000.11.22"]
[SourceQuality "1"]

1. d4 Nf6 2. c4 g6 3. Nc3 Bg7 4. e4 d6 5. Nf3 0-0 6. Be2 e5 7. d5 Ne8 8. Bg5 f6 9. Be3 f5 10. exf5 gxf5 11. Qc2 Qf6 12. 0-0-0 Bh6 13. Bxh6 Qxh6+ 14. Kb1 Nd7 15. g3 Nc5 16. Nh4 Ng7 17. f3 Bd7 18. Rde1 Rae8 19. Bd1 a6 20. b4 b5 21. bxc5 b4 22. Ne2 f4 23. c6 Bc8 24. Nc1 Nf5 25. Rhg1 Kh8 26. Be2 Nxh4 27. gxh4 e4 28. Qb2+ Qf6 29. Qxf6+ Rxf6 30. Kc2 Bg4 31. fxg4 f3 32. Bxf3 Rxf3 33. Rgf1 Rh3 34. Re2 a5 35. Rfe1 e3 36. Rf1 Rxh4 37. Rf7 Rxg4 38. Kb3 a4+ 39. Kxb4 Rb8+ 40. Kc3 Re8 41. Rf3 Ree4 42. Rfxe3 Rxc4+ 43. Kd2 Rgd4+ 44. Rd3 Rxd3+ 45. Kxd3 Rxc1 46. Re8+ Kg7 47. Re7+ Kh6 48. Rxc7 Rd1+ 49. Kc4 Rc1+ 50. Kb4 Rc5 51. Rd7 Rxd5 52. c7 Rd4+ 53. Kc3 Rd1 54. Kc2 Rd5 1-0

[Event "Lucky op 2nd"]
[Site "Hamburg"]
[Date "1999.10.17"]
[Round "3"]
[White "Prochnow, Siegfried"]
[Black "Rohlfs, Ricarda"]
[Result "1-0"]
[WhiteElo "1702"]
[BlackElo "1279"]
[PlyCount "77"]
[EventDate "1999.10.??"]
[EventType "swiss"]
[EventRounds "9"]
[EventCountry "GER"]
[SourceTitle "EXT 2001"]
[Source "ChessBase"]
[SourceDate "2000.11.22"]
[SourceVersion "1"]
[SourceVersionDate "2000.11.22"]
[SourceQuality "1"]

1. d4 Nf6 2. c4 g6 3. Nc3 Bg7 4. e4 d6 5. f3 0-0 6. Be3 e5 7. d5 a6 8. Qd2 Bh8 9. g4 h5 10. h3 Bd7 11. Bg5 Qc8 12. Nge2 Re8 13. Ng3 Bg7 14. 0-0-0 c6 15. Kb1 cxd5 16. cxd5 b5 17. Rc1 Qb7 18. Bxf6 Bxf6 19. gxh5 g5 20. h6 Kh7 21. Bd3 Kxh6 22. h4 Kg6 23. Qg2 Rg8 24. hxg5 Bxg5 25. Nh5 Rh8 26. Rcg1 f6 27. Nxf6 Rxh1 28. Qxg5+ Kf7 29. Rxh1 Ke7 30. Ng8+ Kf8 31. Rh7 Be8 32. Rxb7 Nd7 33. Nh6 Rb8 34. Rxb8 b4 35. Qg8+ Ke7 36. Qe6+ Kf8 37. Rxe8+ Kg7 38. Nf5+ Kh7 39. Qh6# 1-0

[Event "Lucky op 2nd"]
[Site "Hamburg"]
[Date "1999.10.15"]
[Round "1"]
[White "Prochnow, Siegfried"]
[Black "Laube, Janina"]
[Result "1-0"]
[WhiteElo "1702"]
[BlackElo "1031"]
[PlyCount "51"]
[EventDate "1999.10.??"]
[EventType "swiss"]
[EventRounds "9"]
[EventCountry "GER"]
[SourceTitle "EXT 2001"]
[Source "ChessBase"]
[SourceDate "2000.11.22"]
[SourceVersion "1"]
[SourceVersionDate "2000.11.22"]
[SourceQuality "1"]

1. d4 d5 2. c4 e6 3. Nc3 Nf6 4. Bg5 Be7 5. e3 0-0 6. Nf3 Nbd7 7. Qc2 c6 8. cxd5 Nxd5 9. Bxe7 Qxe7 10. Nxd5 exd5 11. Bd3 Nf6 12. 0-0 Bg4 13. Ne5 Bh5 14. Rab1 Rac8 15. b4 b6 16. Nxc6 Qc7 17. b5 Ng4 18. g3 Nf6 19. Kg2 Bg6 20. Rbc1 Ne4 21. Qe2 Qd7 22. Ne5 Qd6 23. Nxg6 Qxg6 24. f3 Rc3 25. Bxe4 dxe4 26. Rxc3 1-0